The Greek wars: the failure of Persia
Enregistré dans:
| Auteur principal: | |
|---|---|
| Format: | Livre |
| Langue: | espagnol |
| Publié: |
Nueva York
Oxford
2005
|
| Sujets: | |
| Tags: |
Ajouter un tag
Pas de tags, Soyez le premier à ajouter un tag!
|
MARC
| LEADER | 00000nam a2200000 a 4500 | ||
|---|---|---|---|
| 001 | UCJ2730 | ||
| 003 | CL-VaPUC | ||
| 008 | 070112e20050000US |||||||||||||||||spa|d | ||
| 020 | |a 0198148712 | ||
| 082 | 0 | 4 | |a 938.03 |b CAW |2 21 |
| 100 | 0 | |a Cawkwell, George |e author |9 503651 | |
| 245 | 1 | 4 | |a The Greek wars: the failure of Persia |
| 300 | |a 316 p | ||
| 942 | |c BK | ||
| 945 | |d 20070112 00:00:00 |a jtorresc | ||
| 260 | |a Nueva York |b Oxford |c 2005 | ||
| 650 | 7 | |a GUERRAS PERSAS |2 CL-VaPUC |9 439241 | |
| 650 | 7 | |a HISTORIA GRIEGA |2 CL-VaPUC |9 314116 | |
| 650 | 0 | |a Civilizaciones antiguas |9 265998 | |
| 651 | 0 | |a Grecia |9 265314 | |
| 583 | |a last modification |c 20070112 00:00:00 |k Rodrigo Vera | ||
| 999 | |c 318863 |d 318861 | ||
| 952 | |0 0 |1 0 |4 0 |6 938_030000000000000_CAW_2005 |7 0 |8 A |9 397058 |a BIBHIS |b BIBHIS |d 2019-11-22 |i 4229290 |o 938.03 CAW 2005 |p 4229290 |r 2025-01-20 |w 2019-11-22 |y BK |k HIS | ||